=LDR 00000nam 2200000 4500 =001 INLIS000000000030899 =005 20141108115704.0 =006 =007 =008 ind =035 ##$$a 0010-061300000030899 =041 ##$$a ind =082 ##$$a 813 k =090 ##$$a 813 k, Riy t =100 ##$$a Riyanto, Slamet =245 ##$$a The story of, Gunung putri, Slamet Riyanto =260 ##$$a 2009 $b Yogyakarta =300 ##$$a 67 hlm, ilus, 21 cm....[Seri cerita Dongeng] =650 ##$$a Fiksi Indonesia Kanak-kanak =850 ##$$a NBPNMAT